000 02083cam a22001814a 4500
005 20250605164143.0
008 250528s ||||||||||||||||||||||||d
035 _a19063
040 _aGR-AtMCL
_bgre
_dGR-AtMCL
_eAACR2
245 1 _aΓενικό Εμπορικό Δίκαιο
260 _bΠ. Σάκκουλα,
_c1991
300 _a170
520 _aΗ Έννοια του Εμπορικού Δικαίου και η Θέση του στο Σύνταγμα του Δικαίου, Ιστορία του Ελληνικού Εμπορικού Δικαίου, Πηγές του Εμπορικού Δικαίου και το Ζήτημα της Ερμηνείας, Συστηματική Διάρθρωση του Εμπορικού Δικαίου, Το Κριτήριο της Εμπορικότητας και η Προοπτική του Εμπορικού Δικαίου, Εμπορική Πράξη και Εμπορική Σύμβαση, Η Έννοια του Εμπόρου (Ουσιαστικό και Τυπικό Σύστημα), Συνέπειες της Εμπορικότητας της Πράξης και της Εμπορικής Ιδιότητας του Προσώπου - Εφαρμοστέο Δίκαιο, Βοηθητικά Πρόσωπα του Εμπόρου, Τα Μέσα Πληρωμής στις Εμπορικές Συναλλαγές, Ιδιαιτερότητες της Εμπορικής Ενοχής, Εμπράγματα Διακιώματα στο Εμπορικό Δίκαιο, Προστασία των Δανειστών του Εμπόρου: Συλλογική Αναγκαστική Εκτέλεση (Πτώχευση και Ισοδύναμες Διαδικασίες), Εμπορική Δημοσιότητα, Η Συμβολή της Νομολογίας στον Προσδιορισμό της Έννοιας της, Νομοθετικά Προβλήματα του Γενικού Εμπορικού Δικαίου.
700 1 _aΛιακόπουλος Θανάσης Θ
_92642
942 _cBK
999 _c4346
_d4346